| 000 | 00708nam a2200229 a 4500 | ||
|---|---|---|---|
| 001 | 000013136 | ||
| 003 | DO-SdBNP | ||
| 005 | 20240412074237.0 | ||
| 008 | 091120s1993 dr a 001 0 spa d | ||
| 040 |
_aDO-SdBNP _bspa _cBNPHU |
||
| 082 | 4 |
_aRD863.44 _bS944d _222 |
|
| 100 | 1 |
_aSueko _920568 |
|
| 245 | 1 | 0 |
_aDesde la sima / _cSueko ; prólogo Bruno Rosario Candelier. |
| 260 |
_aSanto Domingo : _bTaller, _c1993. |
||
| 300 |
_a217 p. : _bil. ; _c18 cm. |
||
| 590 | _aInventariado, 2019/VM | ||
| 650 | 0 |
_aCuentos dominicanos _9176 |
|
| 650 | 0 |
_aLiteratura dominicana. _967 |
|
| 700 | 1 |
_aRosario Candelier, Bruno, _d1941- _epról. _9851 |
|
| 910 | _aValidado. Control de calidad MMOLINA | ||
| 942 |
_2ddc _cLBS1 |
||
| 999 |
_c12778 _d12778 |
||